Un dólar, un voto: economicismo transnacional en el Perú /
Gardado en:
| Autor Principal: | |
|---|---|
| Autores Corporativos: | , |
| Formato: | Texto |
| Publicado: |
Lima:
DESCO
|
| Materias: | |
| Etiquetas: |
Engadir etiqueta
Sen Etiquetas, Sexa o primeiro en etiquetar este rexistro!
|
MARC
| LEADER | 00000 a a2200000 04500 | ||
|---|---|---|---|
| 001 | 27537 | ||
| 003 | |||
| 040 | |||
| 020 | |a 9972-670-14-7 | ||
| 090 | |a 185400 | ||
| 100 | |a Teivanen, Teivo | ||
| 110 | |a Universidad de Helsinki | ||
| 245 | |a Un dólar, un voto: economicismo transnacional en el Perú / |c Universidad de Helsinki | ||
| 260 | |a Lima: |b DESCO | ||
| 300 | |a 326 p | ||
| 650 | |a POLITICA GUBERNAMENTAL | ||
| 650 | |a POLITICA ECONOMICA | ||
| 650 | |a ECONOMIA INTERNACIONAL | ||
| 650 | |a ASPECTOS POLITICOS | ||
| 650 | |a DEUDA EXTERNA | ||
| 650 | |a REFORMA ECONOMICA | ||
| 650 | |a FMI | ||
| 710 | |a DESCO |a Centro de Estudios y Promoción del Desarrollo | ||
| 999 | |c 9824 |d 9824 | ||



